Vysoký krvný tlak v ťarchavosti

Bibliographic Details
Main Authors: Smetanová, Viera, 1956- (Author), Pavlovič, M. (Author), Kohn, Rudolf (kardiológ) (Author)
Format: Article
Language:Slovak
Subjects:

MARC

LEADER 00000nab a2200000 a 4500
001 vtls000733135
003 SK-MaSNL
005 20260304175134.0
008 250429c1999 xo 0 slo
015 |a SNBRB2000/10-21630 
035 |a CLN000085243 
035 |a urn:nbn:sk:snk-ab6w82 
035 |a (uuid)ac72f08b-02fb-428b-a928-18d8d7d3d7cb 
035 |a (urnnbn)urn:nbn:sk:snk:ar-a0628s 
035 |a (sysno)vtls000733135 
040 |a SNKBUCL  |b slo  |c SNKBUCL  |e AACR2 
041 0 |a slo 
044 |a xo  |c SK 
080 |a 616.12-008.331.1-055.26  |2 1997 
080 |a 618.2:616.12-008.331.1  |2 1997 
100 1 |a Smetanová, Viera,  |d 1956-  |4 aut  |9 480551 
245 1 0 |a Vysoký krvný tlak v ťarchavosti  |c V. Smetanová, M. Pavlovič, R. Kohn 
246 1 1 |a Arterial hypertension in pregnancy 
504 |a Res. angl., slov. 
504 |a Bibliogr. odkazy 
650 0 7 |a preeklampsia  |2 SNKPH  |9 14543 
650 0 7 |a eklampsia  |2 SNKPH  |9 1354817 
650 0 7 |a hypertenzia  |2 SNKPH  |9 2490 
650 0 7 |a tehotenstvo  |2 SNKPH  |9 2477 
655 7 |a články z novín a časopisov  |2 SNK  |9 267496 
700 1 |a Pavlovič, M.  |4 aut  |9 828840 
700 1 |a Kohn, Rudolf  |c (kardiológ)  |4 aut  |9 188489 
773 0 |t Slovenská gynekológia a pôrodníctvo  |g Roč. 6, č. 3 (1999), s. 119-124  |x 1335-0862 
850 |a Slovenská národná knižnica 
852 |a Slovenská národná knižnica 
954 |a odborná, vedecká literatúra pôvodná (slovenská)  |2 lita 
958 |a article27 
958 |a MI 
958 |a NB 
958 |a OND 
958 |a EUIPO 
999 |c 3012139  |d 3014069